تحميل...

Katha prize stories /

التفاصيل البيبلوغرافية
مؤلفون آخرون: Geetha Dharmarajan (المحرر)
التنسيق: Printed Book
اللغة:English
منشور في: New Delhi : Katha, 1993.
سلاسل:v2
LEADER 00759nam a2200157Ia 4500
008 150624b xxu||||| |||| 00| 0 eng d
082 |a 808.831 
245 |a Katha prize stories /  |c edited by Geetha Dharmarajan 
260 |a New Delhi :  |b Katha,  |c 1993. 
300 |a 284 p. 
490 |a v2 
505 |a 1. Little earthquakes 2. Shikar 3. Fig tree stands witness 4. Death by music 5. Space 6. Like lightning in the skies 7. Each unto his own 8. Thirsting for water 9. Higuita 10. Eternal recurrence 11. Rough 12. Wado:the yard 13. Tiladaanamu 14. Pages from 
700 |a Geetha Dharmarajan  |e editor. 
942 |c BK 
999 |c 46469  |d 46469 
952 |0 0  |1 0  |4 0  |6 808_831000000000000_DHA_K  |7 0  |9 46453  |a UL  |b UL  |c ST2  |d 1998-09-24  |l 0  |o 808.831 DHA/K  |p 68378  |r 2012-10-27  |w 2012-10-27  |y BK